[Event "Privolzhskogo FO-ch"]
[Site "Togliatti"]
[Date "2007.03.27"]
[Round "6"]
[White "Limonnikov, Gennady Alekseevich"]
[Black "Savostin, Artem"]
[Result "0-1"]
[WhiteElo "2193"]
[BlackElo "2012"]
[PlyCount "80"]
[EventDate "2007.03.22"]
[EventType "swiss"]
[EventRounds "9"]
[EventCountry "RUS"]
[SourceTitle "EXT 2010"]
[Source "ChessBase"]
[SourceDate "2010.11.25"]
[SourceVersion "1"]
[SourceVersionDate "2010.11.25"]
[SourceQuality "1"]

1. e4 e5 2. Bc4 Nf6 3. Nc3 Nc6 4. f4 Nxe4 5. Bxf7+ Kxf7 6. Nxe4 exf4 7. Qh5+ g6 8. Qd5+ Kg7 9. Nf3 Be7 10. 0-0 Rf8 11. Ne5 Rf5 12. Nxc6 dxc6 13. Qxd8 Bxd8 14. d3 g5 15. Bd2 Bd7 16. Rf3 Be7 17. Raf1 Raf8 18. h4 h6 19. hxg5 hxg5 20. g3 fxg3 21. Rxf5 Rxf5 22. Rxf5 Bxf5 23. Nxg5 Kg6 24. Nf3 Kh5 25. Kg2 Bd6 26. Bc3 Kg4 27. Ne5+ Kf4 28. Nc4 Be6 29. Bd2+ Kg4 30. Ne3+ Kh4 31. d4 Bxa2 32. Nf5+ Kg4 33. Ne3+ Kf4 34. Nd5+ Kf5 35. Nc3 Bd5+ 36. Nxd5 cxd5 37. Kf3 g2 38. Be3 Bh2 39. Kxg2 Ke4 40. Bf2 Bf4 0-1

[Event "Privolzhskogo FO-ch"]
[Site "Togliatti"]
[Date "2007.03.23"]
[Round "2"]
[White "Savostin, Artem"]
[Black "Yaksin, Oleg"]
[Result "1-0"]
[WhiteElo "2012"]
[BlackElo "2236"]
[PlyCount "57"]
[EventDate "2007.03.22"]
[EventType "swiss"]
[EventRounds "9"]
[EventCountry "RUS"]
[SourceTitle "EXT 2010"]
[Source "ChessBase"]
[SourceDate "2010.11.25"]
[SourceVersion "1"]
[SourceVersionDate "2010.11.25"]
[SourceQuality "1"]

1. e4 c5 2. Nf3 g6 3. d4 cxd4 4. Nxd4 Bg7 5. c4 Nc6 6. Be3 Nf6 7. Nc3 0-0 8. Be2 d6 9. h3 Bd7 10. 0-0 Nxd4 11. Bxd4 Bc6 12. Bf3 a5 13. b3 Nd7 14. g3 Bxd4 15. Qxd4 f5 16. Bg2 f4 17. gxf4 Rxf4 18. Nd5 Bxd5 19. Qxd5+ Kg7 20. Qxb7 Rc8 21. Rad1 Ne5 22. Rd5 Rb8 23. Qa6 Qd7 24. Qxa5 Nf3+ 25. Kh1 Rh4 26. Qc3+ Ne5 27. Rxe5 dxe5 28. Qxe5+ Kf7 29. Qxb8 1-0

[Event "RUS-ch U18"]
[Site "Dagomys"]
[Date "2004.04.??"]
[Round "7"]
[White "Prulentsov, Dmitry"]
[Black "Savostin, Artem"]
[Result "1-0"]
[WhiteElo "2124"]
[BlackElo "2000"]
[PlyCount "31"]
[EventDate "2004.04.??"]
[EventType "swiss"]
[EventRounds "10"]
[EventCountry "RUS"]
[SourceTitle "EXT 2005"]
[Source "ChessBase"]
[SourceDate "2004.11.15"]
[SourceVersion "1"]
[SourceVersionDate "2004.11.15"]
[SourceQuality "1"]

1. d4 d5 2. c4 dxc4 3. Nc3 Nc6 4. d5 Ne5 5. f4 Ng6 6. e4 e6 7. Bxc4 Bb4 8. Qa4+ c6 9. Qxb4 exd5 10. exd5 a5 11. Qc5 N8e7 12. Be3 b5 13. d6 bxc4 14. dxe7 Nxe7 15. Rd1 Bd7 16. Nf3 1-0

[Event "RUS-ch U18"]
[Site "Dagomys"]
[Date "2004.04.??"]
[Round "2"]
[White "Savostin, Artem"]
[Black "Cherenkov, Andrey"]
[Result "0-1"]
[WhiteElo "2000"]
[BlackElo "2274"]
[PlyCount "46"]
[EventDate "2004.04.??"]
[EventType "swiss"]
[EventRounds "10"]
[EventCountry "RUS"]
[SourceTitle "EXT 2005"]
[Source "ChessBase"]
[SourceDate "2004.11.15"]
[SourceVersion "1"]
[SourceVersionDate "2004.11.15"]
[SourceQuality "1"]

1. e4 c6 2. d4 d5 3. e5 Bf5 4. Nd2 e6 5. Nb3 Nd7 6. Be3 Rc8 7. Ne2 f6 8. exf6 Ngxf6 9. Ng3 Bd6 10. Nxf5 exf5 11. Qf3 g6 12. Bh6 Qe7+ 13. Be2 Ng4 14. Bf4 Bxf4 15. Qxf4 0-0 16. Kf1 Rce8 17. Bf3 Qh4 18. Qg3 Qh6 19. Qc7 Ndf6 20. Qxb7 Nxf2 21. Rg1 N2g4 22. Qa6 Nxh2+ 23. Kf2 Nfg4+ 0-1

[Event "RUS-ch U18"]
[Site "Dagomys"]
[Date "2004.04.??"]
[Round "8"]
[White "Savostin, Artem"]
[Black "Fedosov, Dmitry"]
[Result "1-0"]
[WhiteElo "2000"]
[BlackElo "2268"]
[PlyCount "65"]
[EventDate "2004.04.??"]
[EventType "swiss"]
[EventRounds "10"]
[EventCountry "RUS"]
[SourceTitle "EXT 2005"]
[Source "ChessBase"]
[SourceDate "2004.11.15"]
[SourceVersion "1"]
[SourceVersionDate "2004.11.15"]
[SourceQuality "1"]

1. e4 c6 2. d4 d5 3. Nc3 dxe4 4. Nxe4 Nd7 5. Nf3 Ngf6 6. Ng3 e6 7. Bd3 Be7 8. 0-0 c5 9. c3 Qc7 10. Re1 0-0 11. Ne5 b6 12. Nh5 Bb7 13. Bg5 Nxe5 14. dxe5 Ne8 15. Qg4 Qd8 16. Bxe7 Qxe7 17. Bb5 f5 18. exf6 Nxf6 19. Rxe6 Bc8 20. Rxe7 Bxg4 21. Rxg7+ Kh8 22. Nxf6 Kxg7 23. Nxg4 a6 24. Be2 b5 25. Rd1 Rad8 26. Kf1 c4 27. Ne3 Rfe8 28. Rxd8 Rxd8 29. Ke1 Kf6 30. Nc2 Ke6 31. Nd4+ Kd5 32. Bf3+ Kc5 33. Nc6 1-0